Normal view
MARC view
- الدمشقي، أبي الفداء إسماعيل ابن كثير ؛ ضبط وتعليق محمد عبد القادر الفاضلي
Entry Personal Name
001 - CONTROL NUMBER
- control field: 56383
003 - CONTROL NUMBER IDENTIFIER
- control field: JO-AjAnu
005 - DATE AND TIME OF LATEST TRANSACTION
- control field: 20230606083236.0
008 - FIXED-LENGTH DATA ELEMENTS
- fixed length control field: 230606|| aca||aabn | a|a d
040 ## - CATALOGING SOURCE
- Original cataloging agency: JO-AjAnu
- Transcribing agency: JO-AjAnu
100 ## - HEADING--PERSONAL NAME
- Personal name: الدمشقي، أبي الفداء إسماعيل ابن كثير ؛ ضبط وتعليق محمد عبد القادر الفاضلي
670 ## - SOURCE DATA FOUND
- Source citation: Work cat.: (JO-AjAnu)28772: الدمشقي، أبي الفداء إسماعيل ابن كثير ؛ ضبط وتعليق محمد عبد القادر الفاضلي, author, قصص الأنبياء